Trocha skromná subsidiarita
Význam subsidiarity z hľadiska reformy územnej správy a jej uplatnenie vo verejnej správe. Vplyv decentralizácie na postavenie jednotlivého občana a problémy, ktoré s tým súvisia.
Guardado en:
| Autor principal: | |
|---|---|
| Formato: | Capítulo de libro |
| Lenguaje: | eslovaco |
| Materias: | |
| Etiquetas: |
Sin Etiquetas, Sea el primero en etiquetar este registro!
|
MARC
| LEADER | 00000naa a2200000 4500 | ||
|---|---|---|---|
| 001 | r020862 | ||
| 005 | 20230825075506.5 | ||
| 041 | 0 | |a slo | |
| 044 | |a SK | ||
| 245 | 1 | 0 | |a Trocha skromná subsidiarita |c M. Matula |
| 520 | |a Význam subsidiarity z hľadiska reformy územnej správy a jej uplatnenie vo verejnej správe. Vplyv decentralizácie na postavenie jednotlivého občana a problémy, ktoré s tým súvisia. | ||
| 610 | 2 | 0 | |a správa verejná |
| 610 | 2 | 0 | |a správa štátna |
| 610 | 2 | 0 | |a reformy |
| 610 | 2 | 0 | |a decentralizácia |
| 610 | 2 | 0 | |a demokracia |
| 610 | 2 | 0 | |a samospráva |
| 610 | 2 | 0 | |a subsidiarita |
| 610 | 2 | 0 | |a kompetencie |
| 100 | 1 | |a Matula, M. | |